| 000 | 00523nam a2200193 a 4500 | ||
|---|---|---|---|
| 005 | 20220812164659.0 | ||
| 008 | 991125s1994 mx 000 0 spa u | ||
| 020 | _a9683909833 | ||
| 035 | _aUPN01000015327 | ||
| 049 | _aF | ||
| 050 | 4 |
_aPR9639.3 M258 _bD52 |
|
| 100 | 1 |
_aMansfield, Katherine, _d1888-1923 |
|
| 245 | 1 | 0 |
_aDicha : _bpreludio / _cKatherine Mansfield. |
| 260 |
_aMéxico : _bAlianza, _bCNCA, _c1994. |
||
| 300 | _a93 p. | ||
| 440 | 0 | _aAlianza cien | |
| 650 | 0 |
_aCuentos neozelandeses _913185 |
|
| 905 | _aLibro | ||
| 999 |
_c15327 _d15327 |
||